|
|
|
|
| LEADER |
01286nam a2200349 i 4500 |
| 001 |
41940 |
| 003 |
BD-DhAAL |
| 005 |
20231107133407.0 |
| 008 |
231107r20222017maua 000 0 eng d |
| 010 |
|
|
|a 2015051130
|
| 020 |
|
|
|a 9789332585225
|
| 020 |
|
|
|a 9780134444284 (hbk)
|
| 020 |
|
|
|a 0134444280 (hbk)
|
| 040 |
|
|
|a DLC
|b eng
|c DLC
|e rda
|d DLC
|d BD-DhAAL
|
| 042 |
|
|
|a pcc
|
| 050 |
0 |
0 |
|a TK5105.59
|b .S713 2017
|
| 082 |
0 |
0 |
|a 005.82
|2 23
|
| 100 |
1 |
|
|a Stallings, William,
|e author.
|
| 245 |
1 |
0 |
|a Cryptography and network security :
|b principles and practice /
|c William Stallings.
|
| 250 |
|
|
|a Seventh edition.
|
| 264 |
|
1 |
|a Boston :
|b Pearson,
|c c2017 [seventeenth impression 2022].
|
| 300 |
|
|
|a 766 pages :
|b illustrations ;
|c 24 cm
|
| 526 |
|
|
|a CSE
|
| 541 |
|
|
|a Book Finder International
|e 41940
|
| 650 |
|
0 |
|a Computer networks
|x Security measures.
|
| 650 |
|
0 |
|a Data encryption (Computer science).
|
| 650 |
|
0 |
|a Coding theory.
|
| 650 |
|
0 |
|a Computer security.
|
| 852 |
|
|
|a Ayesha Abed Library
|c General Stacks
|
| 942 |
|
|
|2 ddc
|c BK
|
| 999 |
|
|
|c 46061
|d 46061
|
| 952 |
|
|
|0 0
|1 0
|2 ddc
|4 0
|6 005_820000000000000_STA
|7 0
|9 74606
|a BRACUL
|b BRACUL
|c GEN
|d 2023-10-17
|e Book Finder International
|g 1272.24
|l 4
|m 31
|o 005.82 STA
|p 3010041940
|q 2025-10-08
|r 2025-06-22
|s 2025-06-22
|t 1
|v 1272.24
|w 2023-10-17
|y BK
|